00400nam a2200181Ia 4500003000900000008004100009040001300050040001300063041000800076100002200084245004300106250001000149260002300159260000900182300001100191300001000202490000600212IT-RoPAU120407s9999 xx 000 0 und d aIT-RoPAU cIT-RoPAU aita aJean Delépierre aHome, ou vas-tu? Premiers cheminements aParis aEd. Universitaires c1952 a286 p. c22 cm v1